00480 2200157 4500245003500000020002200035100002000057650001600077005001900093260004200112041001400154084000800168300002200176500011500198336000900313 aSlammedcHoover, ColleenhText a978-979-22-9518-4 aHoover, Colleen aNovel Fiksi a20231005090652 aJakartabGramedia Pustaka Utamac2013 aIndonesia a813 a336 hlm. :c20 cm aLayken harus kuat demi ibu dan adiknya. kematian mendadak sang ayah, memaksa mereka untuk pindah ke kota lain. atext